| Record ID | marc_loc_2016/BooksAll.2016.part25.utf8:208935828:810 |
| Source | Library of Congress |
| Download Link | /show-records/marc_loc_2016/BooksAll.2016.part25.utf8:208935828:810?format=raw |
LEADER: 00810nam a2200217 a 4500
001 96215469
003 DLC
005 19961216134045.6
008 961031s1995 fr bd 000 0 fre
010 $a 96215469
040 $aDLC$cDLC
043 $ae-fr---
050 00 $aPC3067.S25$bG64 1995
082 00 $a447/.26$221
100 1 $aGoffinont, Marcelle.
245 10 $aEntre Picardie et Normandie :$ble parler de mon village, Saint-Maulvis : à la latitude d'Amiens et la longitude d'Abbeville /$cMarcelle Goffinont.
260 $aVernon :$bM. Goffinont,$cc1995.
300 $a402, [4] p. ;$c30 cm.
504 $aIncludes bibliographical references (p. [403]).
505 0 $aGlossaire -- Grammaire -- Lexique français-picard.
650 0 $aFrench language$xDialects$zFrance$zSaint-Maulvis$xGlossaries, vocabularies, etc.